Synthesis and photophysical studies of conjugated polycarbonyls containing carbazole and triphenylamine units (Record no. 37996)

MARC details
000 -LEADER
fixed length control field 00530nam a22001697a 4500
003 - CONTROL NUMBER IDENTIFIER
control field CUTN
005 - DATE AND TIME OF LATEST TRANSACTION
control field 20220428143359.0
008 - FIXED-LENGTH DATA ELEMENTS--GENERAL INFORMATION
fixed length control field 220428b |||||||| |||| 00| 0 eng d
041 ## - LANGUAGE CODE
Language English
082 ## - DEWEY DECIMAL CLASSIFICATION NUMBER
Classification number 540
Item number JAY
100 ## - MAIN ENTRY--PERSONAL NAME
Personal name Jayalakshmi, A (R141501)
245 ## - TITLE STATEMENT
Title Synthesis and photophysical studies of conjugated polycarbonyls containing carbazole and triphenylamine units
260 ## - PUBLICATION, DISTRIBUTION, ETC. (IMPRINT)
Place of publication, distribution, etc Thiruvarur
Name of publisher, distributor, etc Central University of Tamil Nadu
Date of publication, distribution, etc September- 2021
650 ## - SUBJECT ADDED ENTRY--TOPICAL TERM
Topical term or geographic name as entry element Chemistry
700 ## - ADDED ENTRY--PERSONAL NAME
Personal name Ramkumar, S G
942 ## - ADDED ENTRY ELEMENTS (KOHA)
Source of classification or shelving scheme Dewey Decimal Classification
Koha item type Thesis/Dissertation & Project
Holdings
Withdrawn status Lost status Source of classification or shelving scheme Damaged status Not for loan Collection code Home library Location Shelving location Date of Cataloging Total Checkouts Full call number Barcode Date last seen Price effective from Koha item type Public note
    Dewey Decimal Classification   Not For Loan Reference CUTN Central Library CUTN Central Library Thesis, Dissertation & Project 28/04/2022   540 JAY T048 28/04/2022 28/04/2022 Thesis/Dissertation & Project Thesis- Chemistry